ბათუმის შოთა რუსთაველის სახელმწიფო უნივერსიტეტის ბიბლიოთეკა

Правила технической эксплуатации нефтебаз (ბიბ.ჩანაწერი № 49445)

000 -LEADER
fixed length control field 00770nam a2200229Ia 4500
001 - CONTROL NUMBER
control field 16368
003 - CONTROL NUMBER IDENTIFIER
control field GE_BSU
008 - FIXED-LENGTH DATA ELEMENTS--GENERAL INFORMATION
fixed length control field 181216s||||||||xx |||||||||||||| ||und||
020 ## - INTERNATIONAL STANDARD BOOK NUMBER
International Standard Book Number 593630356Х
040 ## - CATALOGING SOURCE
Transcribing agency GE_BSU
245 ## - TITLE STATEMENT
Title Правила технической эксплуатации нефтебаз
260 ## - PUBLICATION, DISTRIBUTION, ETC.
Place of publication, distribution, etc. Санкт-Петербург
260 ## - PUBLICATION, DISTRIBUTION, ETC.
Name of publisher, distributor, etc. изд-во деан
260 ## - PUBLICATION, DISTRIBUTION, ETC.
Date of publication, distribution, etc. 2004
300 ## - PHYSICAL DESCRIPTION
Extent 144ст,20см
520 ## - SUMMARY, ETC.
Summary, etc. зарегистрировано в минисерстве юстиции российской федерации 20июня 2003г
653 ## - INDEX TERM--UNCONTROLLED
Uncontrolled term Правила технической эксплуатации нефтебаз
653 ## - INDEX TERM--UNCONTROLLED
Uncontrolled term химия
653 ## - INDEX TERM--UNCONTROLLED
Uncontrolled term ქიმია
942 ## - ADDED ENTRY ELEMENTS (KOHA)
Koha item type წიგნი
ეგზემპლარები
Withdrawn status Lost status Damaged status Not for loan Date acquired Barcode Date last seen Price effective from Koha item type
        2018-12-17 40342 2018-12-17 2018-12-17 წიგნი